000 02452nam a2200385 a 4500
003 BLK
005 20230719095020.0
008 180409b bul|||||r ||||||| ||bul||
010 _aKNG00136484000
040 _aBLK
041 _aBUL
_cBUL
080 _aЗанаятчийски и индустриални камари. Търговски палати
_b334.788.2
_x(497.215)
_z334.788.2(497.215)
080 _aСредни технически училища (техникуми) по отрасли
_b377.5:62
_x(497.215)
_z377.5:62(497.215)
110 1 _aТърговско-индустриална камара. Русе
_9315118
139 _aТърговско-индустриална камара. Русе
_bТ 96
245 1 0 _aОтчет за дейността на русенската търговско-индустриална камарата през 1921 г.
_bПредставен на ХХVІІ-та обща редовна год. сесия на Камарата
257 _aBGR
260 _bТърг.-индустр. камара
_c1922
_fРусе : Учител
_aРусе
300 _a127 с.
_bс ил.
_c23 см
380 _a3
500 _aСъдържа и Отчет за първото полугодие на 1921/1922 уч. г. на Средното механико-техническо у-ще при Камарата.
650 4 _aКамари, търговско-индустриални
_9280620
650 4 _aУчилища, средни - Русе - отчети
_9322370
651 4 _aБългария
_9241624
651 4 _aРусе
_9179462
653 _aтърговско-индустриални камари
653 _aсредни специални училища
653 _aгодишни отчети
852 _aК 334/Т 96
_bК
856 _fОтчет за дейността на русенската търговско-индустриална камарата през 1921 г.
_lreg users access
_qpdf
_uhttp://185.138.176.146:18082/cgi-bin/koha/opac-retrieve-file.pl?id=13d514f3f2c779ba3ac280316c5a5d51
_xebook
_zОтчет за дейността на русенската търговско-индустриална камарата през 1921 г.
942 _cKNG
_n0
_s1
944 _aCR
_c26.11.2012
_lТеодора Пейчева-Дянкова
_k30556
944 _aED
_c07.08.2015
_lф / 26.11.2012
_kЛюдмила_Стоянова
999 _c130696
_d130696
999 _d130696